LEADERSHIP THEORY AND PRACTICE (Record no. 13454)
[ view plain ]
| 000 -LEADER | |
|---|---|
| fixed length control field | 00350nam a2200133Ia 4500 |
| 008 - FIXED-LENGTH DATA ELEMENTS--GENERAL INFORMATION | |
| fixed length control field | 240624s9999 xx 000 0 und d |
| 041 ## - LANGUAGE CODE | |
| Language code of text/sound track or separate title | eng |
| 082 ## - DEWEY DECIMAL CLASSIFICATION NUMBER | |
| Classification number | 658.4092 NOR |
| 100 ## - MAIN ENTRY--PERSONAL NAME | |
| Personal name | NORTHOUSE PETER G |
| 245 ## - TITLE STATEMENT | |
| Title | LEADERSHIP THEORY AND PRACTICE |
| 260 ## - PUBLICATION, DISTRIBUTION, ETC. | |
| Date of publication, distribution, etc. | 2007 |
| Place of publication, distribution, etc. | Los Angeles |
| Name of publisher, distributor, etc. | Sage Publications |
| 300 ## - PHYSICAL DESCRIPTION | |
| Extent | 391 : p. : cm. ; 22 |
| 365 ## - TRADE PRICE | |
| Currency code | RS |
| Price amount | 30 |
| Withdrawn status | Lost status | Damaged status | Not for loan | Home library | Current library | Shelving location | Date acquired | Source of acquisition | Cost, normal purchase price | Total Holds | Full call number | Barcode | Date last seen | Copy number | Price effective from | Koha item type |
|---|---|---|---|---|---|---|---|---|---|---|---|---|---|---|---|---|
| Store Books | IMTN | IMTN | Rack 29-B | 07/09/2009 | ABPL | 420.00 | 381 | 658.4092 NOR | 13454 | 06/24/2024 | 1 | 06/24/2024 | Books |